|
|
|
|
| LEADER |
01930cam a2200529 a 4500 |
| 001 |
nkc20112251356 |
| 003 |
CZ PrNK |
| 005 |
20130906120617.0 |
| 007 |
ta |
| 008 |
111005s2011 xr abcee 000 0acze d |
| 015 |
|
|
|a cnb002251356
|
| 020 |
|
|
|a 978-80-86808-96-3
|q (váz.)
|
| 035 |
|
|
|a (OCoLC)859736548
|
| 040 |
|
|
|a KLG001
|b cze
|d BOA001
|d OLA001
|d ABA001
|
| 043 |
|
|
|a e-cs---
|a e-xr---
|
| 045 |
|
|
|a x-x-
|
| 072 |
|
7 |
|a 358
|x Vojenské letectvo. Dělostřelectvo. Ženijní jednotky. Technické služby armády. Chemické vojsko
|2 Konspekt
|9 15
|
| 072 |
|
7 |
|a 929
|x Biografie
|2 Konspekt
|9 8
|
| 080 |
|
|
|a 358.4-051
|2 MRF
|
| 080 |
|
|
|a 929
|2 MRF
|
| 080 |
|
|
|a 358.4
|2 MRF
|
| 080 |
|
|
|a (437)
|2 MRF
|
| 080 |
|
|
|a (437.3)
|2 MRF
|
| 080 |
|
|
|a (0:82-94)
|2 MRF
|
| 100 |
1 |
|
|a Vašek, Václav,
|d 1949-
|7 jx20081006069
|4 aut
|
| 245 |
1 |
0 |
|a Oprášené etudy vonící luftem /
|c Václav Vašek
|
| 250 |
|
|
|a 1. vyd.
|
| 260 |
|
|
|a Cheb :
|b Svět křídel,
|c 2011
|
| 300 |
|
|
|a 187 s. :
|b il., 1 mapa, portréty, plány, faksim. ;
|c 24 cm
|
| 490 |
1 |
|
|a Svět křídel ;
|v 132
|
| 500 |
|
|
|a 1500 výt.
|
| 600 |
1 |
7 |
|a Vašek, Václav,
|d 1949-
|7 jx20081006069
|2 czenas
|
| 610 |
1 |
7 |
|a Československo.
|b Armáda.
|b Letectvo
|7 kn20050426033
|2 czenas
|
| 648 |
|
4 |
|a 1969-1993
|
| 648 |
|
7 |
|a 20. století
|7 ch460558
|2 czenas
|
| 650 |
0 |
7 |
|a vojenští letci
|7 ph127212
|z Česko
|y 20. stol.
|2 czenas
|
| 650 |
0 |
7 |
|a vojenské letectvo
|7 ph116625
|z Československo
|2 czenas
|
| 650 |
0 |
9 |
|a military air pilots
|z Czechia
|y 20th-21st centuries
|2 eczenas
|
| 650 |
0 |
9 |
|a air forces
|z Czechoslovakia
|2 eczenas
|
| 655 |
|
7 |
|a autobiografické vzpomínky
|7 fd131854
|2 czenas
|
| 655 |
|
9 |
|a autobiographical reminiscences
|2 eczenas
|
| 830 |
|
0 |
|a Svět křídel
|0 s
|
| 910 |
2 |
|
|a BOA001
|b 2-1275.383
|
| 990 |
|
|
|a BK
|
| 995 |
|
|
|a 01
|
| 991 |
|
|
|b 201111
|c NOV
|j 358 VAŠ
|e n
|
| 996 |
6 |
|
|b 2610493175
|c 2-1275.383
|l MZK
|r Sklad / do 1 hodiny
|n 0
|p p.v.
|w 001213554
|u 000010
|a 1
|e BOA001
|j MZK50
|s P
|